[Event "Saint Quentin op 5th"]
[Site "Saint Quentin"]
[Date "2002.04.??"]
[Round "1"]
[White "Winckel, Fabrice"]
[Black "Pelle, Sebastien"]
[Result "0-1"]
[WhiteElo "1710"]
[BlackElo "2210"]
[PlyCount "48"]
[EventDate "2002.04.21"]
[EventType "swiss"]
[EventRounds "9"]
[EventCountry "FRA"]
[SourceTitle "CBM 088 Extra"]
[Source "ChessBase"]
[SourceDate "2002.07.01"]
[SourceVersion "2"]
[SourceVersionDate "2002.07.01"]
[SourceQuality "1"]

1. d4 d5 2. c4 c6 3. Nf3 Nf6 4. Nc3 dxc4 5. a4 Bf5 6. e3 e6 7. Bxc4 Bb4 8. 0-0 0-0 9. Qe2 Bg6 10. Nh4 Bh5 11. Qc2 Nd5 12. Nf3 Nd7 13. e4 N5b6 14. Be2 Bg6 15. Bd3 c5 16. Na2 c4 17. Be2 Bd6 18. Nc3 Rc8 19. a5 Nd5 20. Ra4 N7f6 21. Bg5 Qd7 22. Rxc4 Nxc3 23. bxc3 Nxe4 24. Rxc8 Rxc8 0-1